El melómano [juego] /
Guardado en:
| Formato: | Objeto Físico |
|---|---|
| Publicado: |
Argentina :
Maldón, [201?]
|
| Materias: | |
| Etiquetas: |
Agregar Etiqueta
Sin Etiquetas, Sea el primero en etiquetar este registro!
|
| LEADER | 00799nrm a22001695g 4500 | ||
|---|---|---|---|
| 001 | CEM.cems019332 | ||
| 008 | 130507b201?##################0###0#####d | ||
| 005 | 20220830155454.0 | ||
| 003 | CEMS | ||
| 245 | 0 | 0 | |a El melómano [juego] / |c Maldón. |
| 260 | |a Argentina : |b Maldón, [201?] | ||
| 300 | |a 1 juego (4 tableros, 1 reloj de arena, 36 fichas-discos 12 grises, 12 amarillos, 12 azules, 600 tarjetas de canciones y preguntas) ; en caja 8 x 22x 10 cm. + manual de instrucciones. | ||
| 500 | |a Para 2 ó más jugadores a partir de 15 años objetivo: cantar y responder las preguntas de música en español para ganar. | ||
| 082 | 0 | 4 | |a J793.73 |
| 653 | |a 1. juegos de preguntas y respuestas | ||
| 653 | |a 2. juegos acerca de temas musicales y para cantar | ||
| 859 | |a CEMS |b BIB. CEMS - Ludoteca |h J793.73 |i M293 |p 384.11 |t Ej.1 | ||
